Structure and shift-share analysis of retailing in Singapore /
Saved in:
| Main Author: | |
|---|---|
| Format: | Thesis Book |
| Language: | English |
| Published: |
1988.
|
| Subjects: | |
| Tags: |
Add Tag
No Tags, Be the first to tag this record!
|
| LEADER | 00793cam a2200241 4500 | ||
|---|---|---|---|
| 001 | u54745 | ||
| 003 | SIRSI | ||
| 008 | 900220s1988 si v 00 1 eng m | ||
| 035 | |a AAF-8846 | ||
| 040 | |a UMM | ||
| 043 | |a a-si--- | ||
| 090 | |a HF5429.6 |b S55Sha | ||
| 100 | 1 | 0 | |a Shak, Pei Wah. |
| 245 | 1 | 0 | |a Structure and shift-share analysis of retailing in Singapore / |c by Shak Pei Wah |
| 260 | |c 1988. | ||
| 300 | |a ix, 113 leaves ; |c 30 cm. | ||
| 502 | |a Dissertation (M.B.A.) -- National University of Singapore, 1988. | ||
| 504 | |a Bibliography: leaves xxvii-xxix. | ||
| 650 | 0 | |a Retail trade |z Singapore |x Management. | |
| 650 | 0 | |a Retail trade |z Singapore |x Statistics. | |
| 948 | |a 16/03/1991 |b 27/11/2000 | ||
| 596 | |a 1 | ||
| 999 | |a HF5429.6 S55SHA |w LC |c 1 |i A010675531 |l STACKS |m P01UTAMA |r Y |s Y |t TESIS |u 5/6/1992 | ||
